• 首页
  • 本馆介绍
  • 公告通知
  • 最新文献
  • 馆藏检索
  • 电子资源
  • 读者荐购
  • 参考咨询
  • CALIS
  • 我的图书馆
  • 登录
  • 详细信息显示
  • 放入我的书架
  • 预约/预借图书
  • 作者相关作品
  • 分类相关作品
  • 丛书相关作品
  • 出版社相关作品

书目信息

  • 表格格式
  • 工作单格式
  • 卡片格式
题名:
少年维特的烦恼
    
 
作者: 歌德 著 ;张玫玫 , 蔡亮 译
分册:  
出版信息: 长春   吉林出版集团股份有限公司  2019.01
页数: 140页
开本: 24cm
丛书名: 英语大书虫世界经典名译典藏书系
单 册:
中图分类: H319.4
科图分类:
主题词: 英语--ying yu--汉语--对照读物 , 书信体小说--shu xin ti xiao shuo--德国--近代
电子资源:
ISBN: 978-7-5581-4318-2
 
 
 
 
 
000 01536nam 2200337 450
001 202019135827
005 20191026133320.0
010    @a978-7-5581-4318-2@dCNY29.80
100    @a20191015d2019 em y0chiy50 ea
101 1  @achi@aeng@cger
102    @aCN@b220000
105    @ay z 000ay
106    @ar
200 1  @a少年维特的烦恼@Ashao nian wei te de fan nao@f(德) 歌德著@g张玫玫, 蔡亮译
205    @a第2版
210    @a长春@c吉林出版集团股份有限公司@d2019.01
215    @a140页@d24cm
225 2  @a英语大书虫世界经典名译典藏书系@Aying yu da shu chong shi jie jing dian ming yi dian cang shu xi
300    @a英汉对照
312    @a英文题名取自封面
330    @a《少年维特的烦恼》是“狂飙突进”运动的代表作, 是歌德据自身经历写出的书信体小说, 描绘了维特的爱情悲剧, 抒发出一代青年的苦闷。作品描写了主人公维特跌宕起伏的感情波澜, 在抒情和议论中真切又详尽地展示了维持思想感情的变化。小说以浓郁的诗意和喷涌的激情寻写了维特的痛苦, 憧憬和绝望, 将他个人恋爱的不幸放置在广泛的社会背景中, 对封建的等级偏见、小市民的自私与守旧等观念做了揭露和批评, 热情地宣扬了个性解放和感情自由。
410  0 @12001 @a英语大书虫世界经典名译典藏书系
510 1  @aSorrows of young Werther@zeng
606 0  @a英语@Aying yu@x汉语@j对照读物
606 0  @a书信体小说@Ashu xin ti xiao shuo@y德国@z近代
690    @aH319.4@v5
701  1 @a歌德@Age de@g(Goethe, Johann Wolfgang von),@f1749-1832@4著
702  0 @a张玫玫@Azhang mei mei@4译
702  0 @a蔡亮@Acai liang@4译
801  0 @aCN@c20190905
905    @a河南城建学院图书馆@dH319.4@eG259=2
    
    少年维特的烦恼/(德) 歌德著/张玫玫, 蔡亮译.-第2版.-长春:吉林出版集团股份有限公司,2019.01
    140页;24cm.-(英语大书虫世界经典名译典藏书系)
    英汉对照
    
    ISBN 978-7-5581-4318-2:CNY29.80
    《少年维特的烦恼》是“狂飙突进”运动的代表作, 是歌德据自身经历写出的书信体小说, 描绘了维特的爱情悲剧, 抒发出一代青年的苦闷。作品描写了主人公维特跌宕起伏的感情波澜, 在抒情和议论中真切又详尽地展示了维持思想感情的变化。小说以浓郁的诗意和喷涌的激情寻写了维特的痛苦, 憧憬和绝望, 将他个人恋爱的不幸放置在广泛的社会背景中, 对封建的等级偏见、小市民的自私与守旧等观念做了揭露和批评, 热情地宣扬了个性解放和感情自由。
●
相关链接 在E读中查询图书 在当当中查询图书 在豆瓣中查询图书


正题名:少年维特的烦恼     索取号:H319.4/G259=2         预约/预借

序号 登录号 条形码 馆藏地/架位号 状态 备注
1 1444805   214448052   语言库209/209语言库 15排2列2层/ [索取号:H319.4/G259=2] 在馆    
2 1444806   214448061   语言库209/209语言库 15排2列2层/ [索取号:H319.4/G259=2] 在馆    
河南城建学院图书馆 欢迎您!
大连网信软件有限公司© 版权所有